[Event "Napoli Winter Cup 1st"]
[Site "Napoli"]
[Date "2017.01.26"]
[Round "2"]
[White "Tassaro, Renato"]
[Black "Esposito, Luigi"]
[Result "0-1"]
[WhiteElo "1577"]
[BlackElo "1386"]
[PlyCount "102"]
[EventDate "2017.01.19"]
[EventType "swiss"]
[EventRounds "5"]
[EventCountry "ITA"]
[SourceTitle "EXT 2018"]
[Source "ChessBase"]
[SourceDate "2017.10.13"]
[SourceVersion "1"]
[SourceVersionDate "2017.10.13"]
[SourceQuality "1"]

1. e4 e5 2. Nf3 Nf6 3. Nc3 Bb4 4. d3 Nc6 5. Bd2 0-0 6. a3 Bc5 7. h3 Nd4 8. b4 Nxf3+ 9. Qxf3 Bd4 10. Be2 c6 11. Rb1 b5 12. 0-0 Re8 13. Qg3 g6 14. Nd1 d5 15. Be3 dxe4 16. dxe4 Nxe4 17. Qf3 Bf5 18. g4 Bxe3 19. fxe3 Nd2 20. Qf2 Nxb1 21. gxf5 Qg5+ 22. Kh2 Nd2 23. Rg1 Qf6 24. Bg4 Rad8 25. Nb2 e4 26. Nd1 Nf3+ 27. Bxf3 exf3 28. Qxf3 Rd2+ 29. Rg2 Red8 30. Nf2 Rxc2 31. Ng4 Qd6+ 32. Qg3 Qxg3+ 33. Kxg3 Rxg2+ 34. Kxg2 Rd3 35. Kf3 Rxa3 36. Ke4 gxf5+ 37. Kxf5 Kg7 38. Ne5 Rc3 39. h4 c5 40. bxc5 Rxc5 41. Kf4 b4 42. Nd3 Rc4+ 43. Kg3 b3 44. Kf3 Rc2 45. Nb4 b2 46. Nxc2 b1Q 47. Nd4 a5 48. e4 a4 49. Nf5+ Kf6 50. Kf4 Qf1+ 51. Kg4 Qc4 0-1

[Event "Napoli Moscarella Memorial"]
[Site "Napoli"]
[Date "2016.01.07"]
[Round "1"]
[White "Esposito, Rosario"]
[Black "Tassaro, Renato"]
[Result "1-0"]
[WhiteElo "1808"]
[BlackElo "1470"]
[PlyCount "71"]
[EventDate "2016.01.07"]
[EventType "swiss"]
[EventRounds "6"]
[EventCountry "ITA"]
[SourceTitle "EXT 2018"]
[Source "ChessBase"]
[SourceDate "2017.10.13"]
[SourceVersion "1"]
[SourceVersionDate "2017.10.13"]
[SourceQuality "1"]

1. d4 d5 2. c4 c6 3. Nf3 Nd7 4. Nc3 e6 5. e4 Bb4 6. e5 Ne7 7. Bd3 h6 8. 0-0 dxc4 9. Bxc4 Nf5 10. Ne4 Nb6 11. Bb3 Nd5 12. a3 Be7 13. Nc3 b6 14. Nxd5 cxd5 15. Bd2 Ba6 16. Ba4+ b5 17. Bc2 0-0 18. Bd3 Qb6 19. Bc3 Bb7 20. Qd2 a5 21. b4 a4 22. Rac1 Rfc8 23. Rc2 Nh4 24. Nxh4 Bxh4 25. Qe2 Ba6 26. Kh1 Bg5 27. f4 Be7 28. Rfc1 Rc7 29. Bb2 Rac8 30. Qd2 f6 31. Rxc7 Rxc7 32. Rxc7 Qxc7 33. Qc1 Qa7 34. Qc6 fxe5 35. Qxe6+ Kf8 36. Bg6 1-0